عرض عادي
عرض مارك
- Traver, Carol Guercio.
مدخل إسم شخص
001 - رقم الضبط
- حقل الضبط: 46089
003 - معرف رقم الضبط
- حقل الضبط: OSt
005 - تاريخ ووقت أخر عملية
- حقل الضبط: 20140708210703.0
008 - عناصر بيانات ثابتة الطول
- حقل تحكم ثابت الطول: 140708|||a|||||| | ||| d
040 ## - مصدر الفهرسة
- هيئة الفهرسة الأصلية: OSt
- وكالة الكتابة: OSt
100 ## - مدخل -- أسم شخص
- إسم شخص: Traver, Carol Guercio.
670 ## - بيانات المصدر موجوده
- الاستشهاد بالمصدر: Work cat.: (OSt)0: Laudon, Kenneth C., 1944- 4997, E-commerce : 2014, c2014.
